El Marxismo y la emancipación de los pueblos en el Caribe

Bewaard in:
Bibliografische gegevens
Hoofdauteur: Pierre Charles, Gerard
Formaat: Texto
Gepubliceerd in: México D.F.: Universidad Obrera de México
Tags: Voeg label toe
Geen labels, Wees de eerste die dit record labelt!

MARC

LEADER 00000 a a2200000 04500
001 24125
003
040
090 |a 172000  
100 |a Pierre Charles, Gerard  
245 |a El Marxismo y la emancipación de los pueblos en el Caribe  
260 |a México D.F.:   |b Universidad Obrera de México  
300 |a 30 p.   |b fonodiscos  
999 |c 15837  |d 15837